Loading...
Walking the Indian streets. /
| Main Author: | |
|---|---|
| Language: | Undetermined |
| Published: |
1971
|
| Edition: | Revised ed |
| LEADER | 00391nam a2200133Ia 4500 | ||
|---|---|---|---|
| 001 | 3220 | ||
| 008 | 170722s9999 xx 000 0 und d | ||
| 100 | |a Mehta, Ved | ||
| 245 | |a Walking the Indian streets. / | ||
| 250 | |a Revised ed | ||
| 260 | |c 1971 | ||
| 942 | |c GEN | ||
| 999 | |c 6548 |d 6548 | ||
| 952 | |0 0 |1 0 |4 0 |6 W_2N341_L1GB |7 0 |8 CR |9 7461 |a LIB |b LIB |d 2013-03-25 |o w2,N34,1 L1(GB) |p 144760 |r 2017-08-12 |w 2017-08-12 |y GEN | ||